01987cam a22005294i 4500003000900000005001700009008004100026020001500067035002700082040003300109049000900142082001900151100002900170245004200199264006500241300003800306336002100344337002500365338002300390490003700413504003400450505013700484526001000621526001000631526000900641526000900650526000900659526000900668526000900677526000900686526000900695526000800704526000800712526000800720526000800728526000800736630004400744650000500788910001800793942001400811949019400825994001401019596000601033999022201039980005501261952014101316PE-LiUPU20250731165647.0150616s r 000 0 d a0805401091 a(Sirsi) i9780805401097 aPE-LiUPUbspacPE-LiUPUerda aPRUA04a221.077bN2211 aThompson, J. A.,eautor.10a1,2 Chronicles.n9 /cJ. A. Thompson. 1aNashville, Tennessee :bBroadman & Holman Publishers,c1994. a411 páginas ;c23 centímetros atext2rdacontent aunmediated2rdamedia avolume2rdacarrier0 aThe New American Commentary ;v9 aBibliografía al pie de pag.0 aGod's people in God's world.- Saul.- David.- Solomon.- The divided monarchy.- The single kingdom: Hezekiah to the babilonian exile. aSEG44 aSEG26 aP151 aP150 aP149 aP146 aP145 aP126 aP125 aP92 aP75 aP74 aP27 aP15 aBiblia.pA.T.pCrónicasxComentarios.04a ajckbjvqcjck 2ddccBOOK aRC 221.077 N 9wDEWEYc1i42405lCCODEBUL1mBULr0sYtBOOKu2015-4-23xTEOLOGIAzUNKNOWN0COMPRAo.CIRCNOTE. No olvidar cambiar la fecha de devolución!!!!!!!o.STAFF. Colección General aC0bPEPRU a1 aRC 221.077 N 9wDEWEYc60241i42405d60241f2021-11-8g6lCCODEBUL1mBULq4r1sYtBOOKu2015-4-23xTEOLOGIAzUNKNOWN0COMPRAo.CIRCNOTE. No olvidar cambiar la fecha de devolución!!!!!!!o.STAFF. Colección General 81gALBERTO SANCHEZ Responsable de Automatización r2025-12-02 00:00:00i7l0oRC 221.077 N 9p42405te1w2015-04-23xFACTEOyREF102ddc50718REFfP35aBULbBULcREFd2015-04-23eCOMPRA